书目信息 |
| 题名: |
陆用惯性导航技术
|
|
| 作者: | 付梦印 编著 | |
| 分册: | ||
| 出版信息: | 北京 科学出版社 2017.02 |
|
| 页数: | 209页 | |
| 开本: | 24cm | |
| 丛书名: | ||
| 单 册: | ||
| 中图分类: | E92 , TN966 | |
| 科图分类: | ||
| 主题词: | 武器系统--惯性导航系统 | |
| 电子资源: | ||
| ISBN: | 978-7-03-051754-8 | |
| 000 | 00961nam0 2200265 450 | |
| 001 | 5624 | |
| 005 | 20181016142735.90 | |
| 010 | @a978-7-03-051754-8@b精装@dCNY128.00 | |
| 100 | @a20170905d2017 em y0chiy50 ea | |
| 101 | 0 | @achi |
| 102 | @aCN@b110000 | |
| 105 | @aa az 001yy | |
| 200 | 1 | @a陆用惯性导航技术@9lu yong guan xing dao hang ji shu@f付梦印[等]编著 |
| 210 | @a北京@c科学出版社@d2017.02 | |
| 215 | @a209页@c图,彩图@d24cm | |
| 304 | @a编著者还有:肖烜、邓志红、吴亮华 | |
| 307 | @a实际页数为:210 | |
| 320 | @a有书目(第207-209页)和索引(第210页) | |
| 330 | @a本书以陆用武器系统导航为背景,系统介绍了陆用惯性导航基础知识、陆用惯性导航系统静基座对准、行进间对准、复杂环境下组合导航技术以及实验室和现场标校技术,并以实际系统为例介绍了陆用惯性导航系统的研制过程。 | |
| 606 | 0 | @a武器系统@x惯性导航系统 |
| 690 | @aE92@v5 | |
| 690 | @aTN966@v5 | |
| 701 | 0 | @a付梦印@9Fu Meng Yin@4编著 |
| 801 | 0 | @aCN@b91MARC@c20170905 |
| 905 | @aMuseLib@dE92@e54 | |
| 陆用惯性导航技术/付梦印[等]编著.-北京:科学出版社,2017.02 |
| 209页:图,彩图;24cm |
| ISBN 978-7-03-051754-8(精装):CNY128.00 |
| 本书以陆用武器系统导航为背景,系统介绍了陆用惯性导航基础知识、陆用惯性导航系统静基座对准、行进间对准、复杂环境下组合导航技术以及实验室和现场标校技术,并以实际系统为例介绍了陆用惯性导航系统的研制过程。 |
| ● |
| 相关链接 |
|
|
|
|
正题名:陆用惯性导航技术
索取号:E92/54
 
预约/预借
| 序号 | 登录号 | 条形码 | 馆藏地/架位号 | 状态 | 备注 |
| 1 | 1130578 | 211305782 | 第一样本阅览室/ [索取号:E92/54] | 在馆 | |
| 2 | 1130579 | 211305791 | 第一借阅区/ [索取号:E92/54] | 在馆 | |
| 3 | 1130580 | 211305808 | 第一借阅区/ [索取号:E92/54] | 在馆 |